| 000 | 00947naa a22002897a 4500 | ||
|---|---|---|---|
| 001 | BR9404920 | ||
| 003 | BR-BrBNA | ||
| 005 | 20240918181245.0 | ||
| 007 | ta | ||
| 008 | 230509b bl.||||| |||| 00| 0 por d | ||
| 040 |
_aBR-BrBNA _bpor _cBiblioteca Nacional de Agricultura |
||
| 041 | _a(Pt) | ||
| 072 | _aC10; E12; E13 | ||
| 090 | _aC10 BR9404920 | ||
| 100 | 1 | _aFogaca, A. | |
| 100 | 1 | _aSilva, L.C.E. | |
| 245 | 1 | _aEducacao basica e reestruturacao produtiva | |
| 260 | 3 |
_aRio de Janeiro, RJ (Brasil): _c1994. |
|
| 500 | _aPerspectivas da economia brasileira - 1994 Rio de Janeiro, RJ (Brasil): 1994. v. 2 p. 561-582 (BR9404920-AM)C10 | ||
| 650 | _aRecurso Humano | ||
| 650 | _aEducacao | ||
| 650 | _aTrabalho | ||
| 650 | _aFinanciamento | ||
| 773 | 0 |
_tPerspectivas da economia brasileira - 1994 _wC10 BR9404920 _gRio de Janeiro, RJ (Brasil), 1994. v. 2 p. 561-582 |
|
| 909 |
_a202404 _bLucia _c55 _dLucia Elande |
||
| 942 |
_cAM _2AGRIS |
||
| 999 |
_c324388 _d324388 |
||